En nada de tiempo / (Record no. 97717)

MARC details
000 -LEADER
campo de control de longitud fija 00792nam a2200229 i 4500
001 - NÚMERO DE CONTROL
campo de control 97717
003 - IDENTIFICADOR DE NÚMERO DE CONTROL
campo de control ES-MaACL
005 - FECHA Y HORA DE LA ÚLTIMA TRANSACCIÓN
campo de control 20250924063027.0
007 - CAMPO FIJO DE DESCRIPCIÓN FÍSICA--INFORMACIÓN GENERAL
campo de control de longitud fija t|
008 - DATOS DE LONGITUD FIJA--INFORMACIÓN GENERAL
campo de control de longitud fija 160909s1948 sp ||||1| spa d
100 1# - ENTRADA PRINCIPAL--NOMBRE DE PERSONA
Nombre de persona Campos, Jorge,
Fechas asociadas al nombre 1916-1983
9 (RLIN) 34244
245 10 - MENCIÓN DEL TÍTULO
Título En nada de tiempo /
Mención de responsabilidad, etc. Jorge Campos ; ilustraciones de Ricardo Zamorano.
250 ## - MENCION DE EDICION
Mención de edición [1ª ed.].
260 ## - PUBLICACIÓN, DISTRIBUCIÓN, ETC.
Lugar de publicación, distribución, etc. Santander ;
-- Madrid :
Nombre del editor, distribuidor, etc. Antonio Zuñiga,
Fecha de publicación, distribución, etc. 1948.
300 ## - DESCRIPCIÓN FÍSICA
Extensión 66 p. :
Otras características físicas il. ;
Dimensiones 22 cm.
490 1# - MENCIÓN DE SERIE
Mención de serie Colección El viento sur ;
Designación de volumen o secuencia 4
700 0# - ENTRADA AGREGADA--NOMBRE PERSONAL
Nombre de persona Zamorano, Ricardo.
9 (RLIN) 117958
830 0# - PUNTO DE ACCESO ADICIONAL DE SERIE-TÍTULO UNIFORME
Título uniforme Colección El viento sur ;
Designación de volumen o secuencia 4
9 (RLIN) 184437
852 ## - LOCALIZACIÓN
Ubicación ES-MaACL
Número de control de estantería E-4775
Encuadernación Ejemplar nº 22 de una tirada de 125 y con la firma autógrafa del autor y del ilustrador
942 ## - ELEMENTOS DE ENTRADA SECUNDARIOS (KOHA)
Fuente del sistema de clasificación o colocación Clasificación decimal universal
Holdings
Estatus retirado Estado de pérdida Fuente del sistema de clasificación o colocación Estado de daño No para préstamo Colección Biblioteca de origen Biblioteca actual Ubicación en estantería Fecha de adquisición Total de préstamos Signatura topográfica completa Código de barras Visto por última vez Precio de reemplazo Tipo de ítem Koha Nota pública
    Clasificación decimal universal     Libros con dedicatorias Biblioteca del Ateneo de Madrid Biblioteca del Ateneo de Madrid Depósito 2 09/09/2016   E-4775 1196217 23/02/2023 23/02/2023 Libro impreso Firma autógrafa del autor y del ilustrador